| 000 | 00991nam a2200229Ii 4500 | ||
|---|---|---|---|
| 003 | JO-AjNU | ||
| 008 | 230605s9999||||xx |||||||||||||| ||und|| | ||
| 017 | _a2018-7-3621 | ||
| 020 | _a978- 9923- 15- 010- 8 | ||
| 040 |
_aJO-AjNU _bara _erda _cJO-AjNU |
||
| 041 | _aara | ||
| 050 | 1 | 4 | _aK2400 2019 |
| 100 | 3 |
_aالمومني، محمد عبدالله, _eauthor _959186 |
|
| 245 | 0 | 0 | _aحكم التحكيم الألكتروني الحجية والتنفيذ: دراسة مقارنة |
| 250 | _aط1 | ||
| 264 | 3 | 1 | _aعمان: الدار العلمية الدولية للنشر والتوزيع؛ دار الثقافة للنشر والتوزيع، 2019 |
| 300 |
_a392ص _bيحتوي على مراجع من ص373- 392 ، يحتوي على مجموعة الرسائل الجامعية |
||
| 336 |
_atext _btxt _2rdacontent |
||
| 337 |
_aunmediated _bn _2rdamedia |
||
| 338 |
_avolume _bnc _2rdacarrier |
||
| 650 | 4 |
_aالتحكيم- التجارة الدولية-الانترنت _959187 |
|
| 999 |
_aA26621 _c30189 _d30189 |
||